Idées reçues sur la Première Guerre mondiale (notice n° 1552681)

détails MARC
000 -LEADER
fixed length control field 01635cam a2200277zu 4500
003 - CONTROL NUMBER IDENTIFIER
control field FRCYB88819360
005 - DATE AND TIME OF LATEST TRANSACTION
control field 20251020123013.0
008 - FIXED-LENGTH DATA ELEMENTS--GENERAL INFORMATION
fixed length control field 251020s2014 fr | o|||||0|0|||fre d
020 ## - INTERNATIONAL STANDARD BOOK NUMBER
International Standard Book Number 9782846705332
035 ## - SYSTEM CONTROL NUMBER
System control number FRCYB88819360
040 ## - CATALOGING SOURCE
Original cataloging agency FR-PaCSA
Language of cataloging fr
Transcribing agency
Description conventions rda
100 1# - MAIN ENTRY--PERSONAL NAME
Personal name Cochet, François
245 01 - TITLE STATEMENT
Title Idées reçues sur la Première Guerre mondiale
Statement of responsibility, etc. ['Cochet, François']
264 #1 - PRODUCTION, PUBLICATION, DISTRIBUTION, MANUFACTURE, AND COPYRIGHT NOTICE
Name of producer, publisher, distributor, manufacturer Le Cavalier Bleu éditions
Date of production, publication, distribution, manufacture, or copyright notice 2014
300 ## - PHYSICAL DESCRIPTION
Extent p.
336 ## - CONTENT TYPE
Content type code txt
Source rdacontent
337 ## - MEDIA TYPE
Media type code c
Source rdamdedia
338 ## - CARRIER TYPE
Carrier type code c
Source rdacarrier
520 ## - SUMMARY, ETC.
Summary, etc. Notre société française du XXIe siècle est fascinée par la Première Guerre mondiale. L’édition, le cinéma et la télévision se sont emparés du sujet, véhiculant par là-même de nombreuses idées reçues. Car la mémoire est à l’histoire ce que la caricature est au dessin, elle force le trait, exagère, simplifie : « L’assassinat de François-Ferdinand a déclenché le début des hostilités », « Ce fut principalement une guerre de tranchées », « Les femmes sont mises au travail », « Clemenceau et Pétain ont fait gagner la guerre », « Sans les États-Unis, la guerre aurait été perdue », « Toute une génération a été inutilement sacrifiée »... François Cochet s’attache ici à rétablir les faits et nuancer la vulgate de cette « Grande Guerre » qui continue de hanter les esprits.
650 #0 - SUBJECT ADDED ENTRY--TOPICAL TERM
Topical term or geographic name entry element
700 0# - ADDED ENTRY--PERSONAL NAME
Personal name Cochet, François
856 40 - ELECTRONIC LOCATION AND ACCESS
Access method Cyberlibris
Uniform Resource Identifier <a href="https://international.scholarvox.com/netsen/book/88819360">https://international.scholarvox.com/netsen/book/88819360</a>
Electronic format type text/html
Host name

Pas d'exemplaire disponible.

PLUDOC

PLUDOC est la plateforme unique et centralisée de gestion des bibliothèques physiques et numériques de Guinée administré par le CEDUST. Elle est la plus grande base de données de ressources documentaires pour les Étudiants, Enseignants chercheurs et Chercheurs de Guinée.

Adresse

627 919 101/664 919 101

25 boulevard du commerce
Kaloum, Conakry, Guinée

Réseaux sociaux

Powered by Netsen Group @ 2025